WordPerfect Referencia : para PC y redes locales para PC y redes locales
Descripción Física:
1001 p. : il. 23 x 20 cm
Materias:
WordPerfect (Fitxer informàtic)
MARC
| LEADER | 00000nam a2200000Ia 4500 | ||
|---|---|---|---|
| 001 | 16768 | ||
| 008 | 160829s9999 xx 000 0 cat d | ||
| 080 | |a C-2-363 | ||
| 245 | |a WordPerfect Referencia : |b para PC y redes locales | ||
| 260 | |a Orem (Utah) : |b WordPerfect Corporation, cop. 1990 | ||
| 300 | |a 1001 p. : |b il. 23 x 20 cm | ||
| 590 | |a Glossari. | ||
| 590 | |a Índex | ||
| 630 | 0 | 0 | |a WordPerfect (Fitxer informàtic) |9 54429 |
| 730 | 0 | |a WordPerfect (Fitxer informàtic) |9 54429 | |
| 901 | |a Arxiu | ||
| 942 | |n 1 | ||
| 952 | |0 0 |1 0 |4 0 |6 C2363 |7 1 |9 46418 |a Arxiu |b Arxiu |d 2016-12-01 |l 0 |o C-2-363 |p 16768 |r 2016-12-01 00:00:00 |w 2016-12-01 |y ARXIU | ||
| 999 | |c 50203 |d 50203 | ||